<?xml version="1.0" encoding="UTF-8"?><?xml-stylesheet type="text/xsl" href="static/style.xsl"?><OAI-PMH xmlns="http://www.openarchives.org/OAI/2.0/" xmlns:xsi="http://www.w3.org/2001/XMLSchema-instance" xsi:schemaLocation="http://www.openarchives.org/OAI/2.0/ http://www.openarchives.org/OAI/2.0/OAI-PMH.xsd"><responseDate>2026-06-29T02:06:08Z</responseDate><request verb="GetRecord" identifier="oai:docta.ucm.es:20.500.14352/129139" metadataPrefix="marc">https://docta.ucm.es/rest/oai/request</request><GetRecord><record><header><identifier>oai:docta.ucm.es:20.500.14352/129139</identifier><datestamp>2025-12-17T01:10:58Z</datestamp><setSpec>com_20.500.14352_14</setSpec><setSpec>col_20.500.14352_15</setSpec></header><metadata><record xmlns="http://www.loc.gov/MARC21/slim" xmlns:dcterms="http://purl.org/dc/terms/" xmlns:xsi="http://www.w3.org/2001/XMLSchema-instance" xmlns:doc="http://www.lyncode.com/xoai" xsi:schemaLocation="http://www.loc.gov/MARC21/slim http://www.loc.gov/standards/marcxml/schema/MARC21slim.xsd">
   <leader>00925njm 22002777a 4500</leader>
   <datafield ind2=" " ind1=" " tag="042">
      <subfield code="a">dc</subfield>
   </datafield>
   <datafield ind2=" " ind1=" " tag="720">
      <subfield code="a">Domínguez Rigo, Miguel</subfield>
      <subfield code="e">author</subfield>
   </datafield>
   <datafield ind2=" " ind1=" " tag="720">
      <subfield code="a">Alonso Garrido, María Ángeles</subfield>
      <subfield code="e">author</subfield>
   </datafield>
   <datafield ind2=" " ind1=" " tag="260">
      <subfield code="c">2025-09-26</subfield>
   </datafield>
   <datafield ind2=" " ind1=" " tag="520">
      <subfield code="a">The dizzying progress of generative artificial intelligence in image generation in recent years poses a challenge when it comes to detecting and identifying synthetic images that have been artificially generated. Through a comparative study between two selected groups of people (one with a higher level of visual literacy than the other) to whom we showed two images, one real and the other generated by artificial intelligence, we obtained results that show the real difficulty that both groups, regardless of their level of visual literacy, had in correctly identifying the origin of the images. The degree of realism in the AI-generated images is such that those with higher levels of visual literacy also have problems distinguishing between the real and synthetic image. We conclude that visual literacy is still necessary, but may not be sufficient in the current context, and that it is appropriate to integrate greater digital and media literacy, as well as visual literacy that integrates new strategies related to new technologies, to help detect the misinformation that an improper use of artificial intelligence can generate.</subfield>
   </datafield>
   <datafield ind1="8" ind2=" " tag="024">
      <subfield code="a">Domínguez Rigo, M., &amp; Alonso Garrido, M. Á. (2025). Detection of Images Generated by Artificial Intelligence, Literacy Visual and Disinformation. Iris Journal of Educational Research, 5(4). https://doi.org/10.33552/IJER.2025.05.000614</subfield>
   </datafield>
   <datafield ind1="8" ind2=" " tag="024">
      <subfield code="a">2993-8759</subfield>
   </datafield>
   <datafield ind1="8" ind2=" " tag="024">
      <subfield code="a">10.33552/IJER.2025.05.000614</subfield>
   </datafield>
   <datafield ind1="8" ind2=" " tag="024">
      <subfield code="a">https://hdl.handle.net/20.500.14352/129139</subfield>
   </datafield>
   <datafield ind1="8" ind2=" " tag="024">
      <subfield code="a">https://doi.org/10.33552/IJER.2025.05.000614</subfield>
   </datafield>
   <datafield ind1="8" ind2=" " tag="024">
      <subfield code="a">https://produccioncientifica.ucm.es/documentos/68e0155c487e182b7b98bdc1</subfield>
   </datafield>
   <datafield ind1="8" ind2=" " tag="024">
      <subfield code="a">https://irispublishers.com/ijer/fulltext/detection-of-images-generated-by-artificial.ID.000614.php</subfield>
   </datafield>
   <datafield ind2="0" ind1="0" tag="245">
      <subfield code="a">Detection of images generated by artificial intelligence, literacy visual and disinformation</subfield>
   </datafield>
</record></metadata></record></GetRecord></OAI-PMH>